000 00653nam a2200193 4500
001 173328
003 ES-MaACL
005 20230906215219.0
008 091125s1975 fr |||| | fre d
080 _a929 Nizhinskiï, Vatslav Fomich
080 _a792.8 Nizhinskiï, Vatslav Fomich
100 1 _aNijinsky, Vatzlav Fómich.
_985740
245 1 0 _aJournal de Nijinsky /
_ctraduit [du manuscrit russe] et préfacé par G. S. Solpray.
260 _a[Paris] :
_bGallimard,
_c1975.
300 _a277 p., [8] p. de fot. ;
_c21 cm.
600 1 7 _aNijinsky, Vatzlav Fómich.
_985740
700 1 _aSolpray, Georges S.
_9141624
852 4 _aES-MaACL
_jE-13231
999 _c173328
_d173328